| 000 | 00408nam a2200169Ia 4500 | ||
|---|---|---|---|
| 001 | 3598 | ||
| 005 | 20260306145655.0 | ||
| 008 | 260306t9999||||xx |||||||||||||| ||spa|| | ||
| 041 | _aESP | ||
| 082 |
_a298 _bM98 Lib. III |
||
| 100 |
_aMusavi Lari, Seyyed Mojtaba _eAUT |
||
| 245 | 0 | _aLos fundamentos de la doctrina Islámica | |
| 300 |
_a _c |
||
| 650 | _aGEN | ||
| 654 | _aCHU | ||
| 942 |
_cLIB _dJUS _fJUS _2ddc _n |
||
| 999 |
_c3598 _d3598 |
||